00605nam a2200181Ia 4500001001000000003000500010008004100015010001100056040000900067082001900076100002800095245012600123260007600249300001100325650002100336650003900357700002700396Para_7577CHAP220125s1983 xx 000 0 und d a206491 cCHAP aPA 632 M4 1983 aMendoza Zamora, Cecilio aPrincipios de fitopatología y enfermedades causadas por hongos /c por Cecilio Mendoza Zamora y Benito Pinto Cortés aChapingo, Méx., :b UACh. Departamento de Parasitología Agrícola a311 p. aFitopatología  aPlantas x enfermedades por hongos aPinto Cortés, Benito